000 01204pam a2200373 a 4500
001 4564
003 FISKH
005 20240917083355.0
008 840820s1985 nyua j 000 1 eng
010 _a 84048474
020 _a006020883X :
020 _a9780064441322
020 _a0060208848 (lib. bdg.) :
040 _aDLC
_cDLC
_dDLC
_beng
050 _aPZ7.B9836
082 _a428.6
100 1 _aByars, Betsy Cromer.
245 1 4 _aThe Golly Sisters go West /
_cby Betsy Byars ; pictures by Sue Truesdell.
260 _aNew York :
_bHarper Collins,
_c1985.
300 _a64 pages :
_bcolor illustrations ;
_c22 cm
440 3 _aAn I can read book
505 _aI
520 _aMay-May and Rose, the singing, dancing Golly sisters, travel west by covered wagon, entertaining people along the way.
521 8 _a440
_bLexile
521 8 _aI
_bRaz-Plus
650 0 _aChildren's stories, American.
650 1 _aEntertainers
_xFiction.
650 1 _aFrontier and pioneer life
_xFiction.
651 1 _aWest (U.S.)
_xFiction.
700 1 _aTruesdell, Sue,
_eillustrator
906 _a7
_bcbc
_corignew
_d1
_eocip
_f19
_gy-gencatlg
942 _2ddc
_cBK
_n0
999 _c4564
_d4564